Production and Operations Management (Record no. 38343)

000 -LEADER
fixed length control field 00462nam a2200181Ia 4500
003 - CONTROL NUMBER IDENTIFIER
control field OSt
005 - DATE AND TIME OF LATEST TRANSACTION
control field 20251027104358.0
008 - FIXED-LENGTH DATA ELEMENTS--GENERAL INFORMATION
fixed length control field 221012s9999||||xx |||||||||||||| ||und||
020 ## - INTERNATIONAL STANDARD BOOK NUMBER
International Standard Book Number 9789353164812
040 ## - CATALOGING SOURCE
Transcribing agency 0
082 ## - DEWEY DECIMAL CLASSIFICATION NUMBER
Classification number 658.5
Item number CHA/PRO
100 ## - MAIN ENTRY--PERSONAL NAME
Personal name Chary, S.N.
245 #0 - TITLE STATEMENT
Title Production and Operations Management
250 ## - EDITION STATEMENT
Edition statement 6th Ed.
260 ## - PUBLICATION, DISTRIBUTION, ETC.
Place of publication, distribution, etc. Noida
Name of publisher, distributor, etc. McGraw Hill Education (India) Private Limited
Date of publication, distribution, etc. 2022
300 ## - PHYSICAL DESCRIPTION
Extent V/P.p.
942 ## - ADDED ENTRY ELEMENTS (KOHA)
Koha item type Book
Source of classification or shelving scheme
Holdings
Withdrawn status Lost status Damaged status Not for loan Collection code Permanent Location Current Location Date acquired Cost, normal purchase price Total Checkouts Full call number Barcode Date last seen Date last checked out Price effective from Koha item type
        School of Management (Noida) MUIT-NOIDA MUIT-NOIDA 2022-10-12 1050.00 3 658.5 CHA/P SOM00080 2023-08-29 2023-08-24 2022-10-12 Reference Book

All Rights Reserved@MUIT

Powered by Koha